000 00772cam a2200217 4500
001 WB3937-13
008 031002n2003 000 0 eng u
035 _a(Sirsi) u123825
245 _aProperty companies interest in social housing
260 _c2003
490 _aEstates Gazette
_v(0339) 27 September 2003, 46(1)
520 _aThe ODPM is looking to property companies for new ways to finance affordable homes. Discussions are underway with two firms looking at ways of building and refurbishing social housing ahead of next years reforms.
590 _aWB
650 _aAffordable housing
_96215
650 _aSOCIAL HOUSING
650 _aPROPERTY COMPANIES
650 _aHOUSING FINANCE
650 _aPROPERTY FINANCE
690 _aHOUSING
942 _n0
999 _c73542
_d73542